Sublime solarium / (Record no. 169611)

MARC details
000 -LEADER
campo de control de longitud fija 00582nam a22002055i 4500
001 - NÚMERO DE CONTROL
campo de control 169611
003 - IDENTIFICADOR DE NÚMERO DE CONTROL
campo de control ES-MaACL
005 - FECHA Y HORA DE LA ÚLTIMA TRANSACCIÓN
campo de control 20250416221833.0
008 - DATOS DE LONGITUD FIJA--INFORMACIÓN GENERAL
campo de control de longitud fija 081022s1971 sp |||| | spa d
080 ## - NÚMERO DE LA CLASIFICACIÓN DECIMAL UNIVERSAL
Número de la Clasificación Decimal Universal 821.134.2-14"19"
100 1# - ENTRADA PRINCIPAL--NOMBRE DE PERSONA
Nombre de persona Villena, Luis Antonio de,
Fechas asociadas al nombre 1951-
9 (RLIN) 240059
245 10 - MENCIÓN DEL TÍTULO
Título Sublime solarium /
Mención de responsabilidad, etc. Luis Antonio de Villena.
250 ## - MENCION DE EDICION
Mención de edición 1ª ed.
260 ## - PUBLICACIÓN, DISTRIBUCIÓN, ETC.
Lugar de publicación, distribución, etc. Madrid :
Nombre del editor, distribuidor, etc. Azur,
Fecha de publicación, distribución, etc. 1971.
300 ## - DESCRIPCIÓN FÍSICA
Extensión 74 p. ;
Dimensiones 20 cm.
490 1# - MENCIÓN DE SERIE
Mención de serie Bezoar ;
Designación de volumen o secuencia 4
830 0# - PUNTO DE ACCESO ADICIONAL DE SERIE-TÍTULO UNIFORME
Título uniforme Bezoar ;
Designación de volumen o secuencia 4
9 (RLIN) 188868
852 ## - LOCALIZACIÓN
Ubicación ES-MaACL
Número de control de estantería 2236-F-16
itemnumber R.144011
Holdings
Estatus retirado Estado de pérdida Estado de daño No para préstamo Colección Biblioteca de origen Biblioteca actual Ubicación en estantería Fecha de adquisición Fuente de adquisición Total de préstamos Signatura topográfica completa Código de barras Visto por última vez Precio de reemplazo Tipo de ítem Koha
        Colección de folletos Biblioteca del Ateneo de Madrid Biblioteca del Ateneo de Madrid Depósito folletos 22/10/2008     2236-F-16 1178064 23/02/2023 23/02/2023 Folleto